100 Alternative/Indie Artists By Song - Statistics

General Stats
  • This quiz has been taken 195 times
  • The average score is 33 of 100
Answer Stats
Hint Answer % Correct
Zombie, Linger, Dreams The Cranberries
87%
Clint Eastwood, On Melancholy Hill, DARE Gorillaz
77%
Brianstorm, Fluorescent Adolescent, Four Out Of Five Arctic Monkeys
74%
Everglow, Paradise, The Scientist Coldplay
74%
Reckoner, Fake Plastic Trees, Karma Police Radiohead
71%
The Drugs Don't Work, Lucky Man, Bitter Sweet Symphony The Verve
69%
Little Dark Age, Weekend Wars, Time To Pretend MGMT
67%
Stand By Me, Some Might Say, Don't Look Back In Anger Oasis
65%
Close To Me, Lovesong, A Forest The Cure
63%
1979, Today, Tarantula The Smashing Pumpkins
63%
Float On, Dashboard, Dramamine Modest Mouse
62%
Ask, How Soon is Now?, Girlfriend In A Coma The Smiths
62%
Ain't It Fun, Hard Times, Misery Business Paramore
61%
Ophelia, Stubborn Love, Ho Hey The Lumineers
60%
Blue Monday, Age Of Consent, Bizarre Love Triangle New Order
59%
Enjoy The Silence, Policy Of Truth, I Feel You Depeche Mode
57%
Be Above It, The Less I Know The Better, Elephant Tame Impala
57%
Cousins, A-Punk, Oxford Comma Vampire Weekend
57%
Skinny Love, For Emma, Holocene Bon Iver
54%
Everybody's Changing, This Is The Last Time, Somewhere Only We Know Keane
52%
The One I Love, Nightswimming, Orange Crush REM
50%
Lust For Life, Break Into Your Heart, The Passenger Iggy Pop
49%
Needle In The Hay, Angeles, Son Of Sam Elliott Smith
48%
In The Aeroplane Over The Sea, Communist Daughter, Holland 1945 Neutral Milk Hotel
48%
Tap Out, Is This It?, 12:51 The Strokes
48%
Breezeblocks, 3WW, The Gospel Of John Hurt Alt-J
47%
Tender, Coffee And TV, Ghost Ship Blur
46%
Perfect Day, Satellite Of Love, Walk On The Wild Side Lou Reed
46%
Warsaw, She's Lost Control, Atmosphere Joy Division
45%
Deep Blue, Good God Damn, Rebellion (Lies) Arcade Fire
44%
It's A Sin, What Have I Done To Deserve This?, West End Girls Pet Shop Boys
44%
Daft Punk Is Playing At My House, All My Friends, Dance Yrself Clean LCD Soundsystem
43%
Midnight City, Wait, Outro M83
42%
Ways To Go, Tongue Tied, Welcome To Your Life Grouplove
41%
Stonemilker, It's Oh So Quiet, Human Behaviour Bjork
39%
Disco 2000, Babies, Common People Pulp
39%
She Bangs The Drums, Fools Gold, I Wanna Be Adored The Stone Roses
38%
The Killing Moon, Bring On The Dancing Horses, Lips Like Sugar Echo & The Bunnymen
35%
Sit Next To Me, Houdini, Call It What You Want Foster The People
35%
I Predict A Riot, Everyday I Love You Less And Less, Never Miss A Beat Kaiser Chiefs
35%
White Winter Hymnal, Helplessness Blues, Fool's Errand Fleet Foxes
34%
Ants Marching, Crash Into Me, Here On Out Dave Matthews Band
32%
Splitting The Atom, Paradise Circus, Teardrop Massive Attack
32%
1901, If I Ever Feel Better, Lasso Phoenix
32%
Oblivion, Flesh Without Blood, Dream Fortress Grimes
30%
Sexy Boy, All I Need, Kelly Watch The Stars Air
29%
My Number, Spanish Sahara, Mountain At My Gates Foals
29%
Evil, All The Rage Back Home, Obstacle 1 Interpol
29%
The Night We Met, Fool For Love, Wait By The River Lord Huron
29%
The Dark Of The Matinee, Do You Want Me, Jacqueline Franz Ferdinand
28%
Intro, VCR, Angels The XX
28%
I Will Survive, The Distance, Frank Sinatra Cake
27%
Suedehead, Spent The Day In Bed, Alsatian Cousin Morrissey
27%
Pure Morning, Special K, Infra-Red Placebo
27%
What You Know, Something Good Can Work, Are We Ready (Wreck) Two Door Cinema Club
27%
Dear God, Making Plans For Nigel, Senses Working Overtime XTC
27%
The Yeah Yeah Yeah Song, Do You Realise??, Fight Test Flaming Lips
26%
Casimir Pulaski Day, Fourth Of July, To Be Alone With You Sufjan Stevens
26%
Brazil, Humongous, The Kids Don't Wanna Come Home Declan Mckenna
25%
Blue Moon, Lost Cause, E-Pro Beck
24%
For A Fool, Caring Is Creepy, New Slang The Shins
24%
Windowlicker, Albert Balsam, Avril 14th Aphex Twin
23%
Mess Around, Take It Or Leave It, In One Ear Cage The Elephant
23%
Soul Meets Body, Black Sun, Title And Registration Death Cab For Cutie
23%
Sour Times, All Mine, Wandering Star Portishead
23%
Los Ageless, Cruel, Masseduction St. Vincent
23%
Such Great Heights, The District Sleeps Alone Tonight, Sleeping In The Postal Service
22%
I Am Dust, Cars, Are 'Friends' Electric? Gary Numan
21%
Beautifully Unconventional, Silk, Don't Delete The Kisses Wolf Alice
21%
This Modern Love, Only He Can Heal Me, Like Eating Glass Bloc Party
20%
Have A Nice Day, Handbags & Gladrags, Dakota Stereophonics
20%
These Days, Chelsea Girls, The Fairest Of The Seasons Nico
19%
Real Love Baby, Please Don't Die, Mr. Tillman Father John Misty
18%
Underdog, Days Are Forgotten, Ill Ray (The King) Kasabian
18%
Twin Size Mattress, Be Nice To Me, Flashlight The Front Bottoms
18%
The General Specific, The Funeral, No One's Gonna Love You Band Of Horses
17%
Avant Gardener, Pedestrian At Best, Continental Breakfast Courtney Barnett
17%
Bleed American, Pain, Sure & Certain Jimmy Eat World
17%
Puppet Theatre, Love Is What You Want, Young Folks Peter Bjorn and John
17%
Karen, Nobody Else Will Be There, I Need My Girl The National
15%
Samson, Blue Lips, All The Rowboats Regina Spektor
14%
Dreaming Of You, Pass It On, In The Morning The Coral
14%
Naked As We Came, Cinder and Smoke, Bitter Truth Iron & Wine
13%
Mythological Beauty, Paul, Shark Smile Big Thief
11%
Degausser, Could Never Be Heaven, The Quiet Things That No One Ever Knows Brand New
10%
Kids Will Be Skeletons, Ether, Take Me Somewhere Nice Mogwai
10%
Men's Needs, I'm A Realist, Hey Scenesters! The Cribs
10%
Rain In Soho, This Year, No Children The Mountain Goats
9%
"45", American Slang, I'da Called You Woody Joe The Gaslight Anthem
8%
Short Change Hero, How You Like Me Now, What Makes A Good Man? The Heavy
8%
Kemosabe, Night Of The Long Knives, No Reptiles Everything Everything
7%
Over And Over, Need You Now, I Feel Better Hot Chip
7%
QYURRYUS, Human Sadness, Leave It In My Dreams The Voidz
6%
O.N.E, Ambling Alp, I Am Chemistry Yeasayer
6%
Tin Man, The Chase, Spirit Future Islands
4%
Berlin, Agape, Above The Clouds Of Pompeii Bear's Den
3%
Two Against One, Chase Me, Little Girl Danger Mouse
3%
Murderers, Central, The Will To Death John Frusciante
3%
Easy Money, New Town Velocity, Playland Johnny Marr
3%
Cold Company, Knights, Into The Mirror Minus The Bear
3%
No matching quizzes found
Score Distribution
Percent of People with Each Score
Percentile by Number Answered
Your Score History
You have not taken this quiz